书目信息 |
| 题名: |
环境工程学基础
|
|
| 作者: | 张振家 主编 | |
| 分册: | ||
| 出版信息: | 北京 化学工业出版社 2006.01 |
|
| 页数: | 323页 | |
| 开本: | 26cm | |
| 丛书名: | ||
| 单 册: | ||
| 中图分类: | X5 | |
| 科图分类: | ||
| 主题词: | 环境工程学--huan jing gong cheng xue--高等学校--教材 | |
| 电子资源: | ||
| ISBN: | 7-5025-8007-7 | |
| 000 | 00864nam0 2200241 450 | |
| 001 | 012006237398 | |
| 005 | 20061010154225.57 | |
| 010 | @a7-5025-8007-7@dCNY36.80 | |
| 100 | @a20060612d2006 km y0chiy0120 ea | |
| 101 | 0 | @achi |
| 102 | @aCN@b110000 | |
| 105 | @aa a 000yy | |
| 200 | 1 | @a环境工程学基础@Ahuan jing gong cheng xue ji chu@f张振家主编@Fzhang zhen jia zhu bian |
| 210 | @a北京@c化学工业出版社@d2006.01 | |
| 215 | @a323页@c图@d26cm | |
| 300 | @a高等学校教材 | |
| 320 | @a有书目 (第322-323页) | |
| 330 | @a本书详细介绍了环境工程学的基本原理,特别是水质净化与水污染控制工程,大气污染控制工程、固体废物与城市垃圾的处置与管理以及其他公害防治技术的基本原理和方法。 | |
| 606 | 0 | @a环境工程学@Ahuan jing gong cheng xue@x高等学校@j教材 |
| 690 | @aX5@v4 | |
| 701 | 0 | @a张振家@Azhang zhen jia@4主编 |
| 801 | 0 | @aCN@c20061010 |
| 905 | @a10447@dX5@eZ242 | |
| 环境工程学基础/张振家主编.-北京:化学工业出版社,2006.01 |
| 323页:图;26cm |
| 高等学校教材 |
| ISBN 7-5025-8007-7:CNY36.80 |
| 本书详细介绍了环境工程学的基本原理,特别是水质净化与水污染控制工程,大气污染控制工程、固体废物与城市垃圾的处置与管理以及其他公害防治技术的基本原理和方法。 |
| ● |
| 相关链接 |
|
|
|
正题名:环境工程学基础
索取号:X5/Z242
 
预约/预借
| 序号 | 登录号 | 条形码 | 馆藏地/架位号 | 状态 | 备注 |
| 1 | 585821 | 205858213 | 自科库501/ [索取号:X5/Z242] | 在馆 | |
| 2 | 585822 | 205858222 | 期刊室512/501自科库 97排1列5层/ [索取号:X5/Z242] | 在馆 | |
| 3 | 585823 | 205858231 | 自科库501/501自科库 98排1列2层/ [索取号:X5/Z242] | 在馆 | |
| 4 | 608642 | 206086420 | 期刊室512/501自科库 97排1列5层/ [索取号:X5/Z242] | 在馆 | |
| 5 | 608643 | 206086439 | 期刊室512/501自科库 97排1列5层/ [索取号:X5/Z242] | 在馆 | |
| 6 | 608644 | 206086448 | 自科库501/501自科库 98排1列2层/ [索取号:X5/Z242] | 在馆 |